India khadi and village industries Board (Record no. 518262)

MARC details
000 -LEADER
fixed length control field 00760nam a2200229Ia 4500
003 - CONTROL NUMBER IDENTIFIER
control field OSt
005 - DATE AND TIME OF LATEST TRANSACTION
control field 20220925191409.0
008 - FIXED-LENGTH DATA ELEMENTS--GENERAL INFORMATION
fixed length control field 220923b |||||||| |||| 00| 0 eng d
037 ## - SOURCE OF ACQUISITION
Terms of availability General Book
040 ## - CATALOGING SOURCE
Original cataloging agency RTL
Transcribing agency RTL
Language of cataloging eng
041 ## - LANGUAGE CODE
Source of code eng
Language code of text/sound track or separate title eng
110 ## - MAIN ENTRY--CORPORATE NAME
Corporate name or jurisdiction name as entry element INDIA , PRODUCTION (Minstry of --) .
9 (RLIN) 241873
245 #0 - TITLE STATEMENT
Title India khadi and village industries Board
Remainder of title Annual report 1955-56 .
260 ## - PUBLICATION, DISTRIBUTION, ETC.
Place of publication, distribution, etc. Bombay
Name of publisher, distributor, etc. Khadi and village industries commission
Date of publication, distribution, etc. 1956
300 ## - PHYSICAL DESCRIPTION
Extent 326p
Dimensions cm.
700 ## - ADDED ENTRY--PERSONAL NAME
Personal name INDIA , PRODUCTION (Minstry of --) .
9 (RLIN) 241874
942 ## - ADDED ENTRY ELEMENTS (KOHA)
Classification part X9 (Y31) .2 . N56 <--N55r, J6
Koha item type General Books
Source of classification or shelving scheme Colon Classification (CC)

No items available.

Copyright @ Delhi University Library System